000 00474nam a2200181Ia 4500
001 22642
005 20260414150844.0
008 260414t2011||||xx |||||||||||||| ||spa||
041 _aESP
082 _a621.3824
_bG84
100 _aGuha Debatosh
_eAUT
245 0 _aMicrostrip and printed antennas :
_bnew trends, techniques and applications
260 _c2011
300 _axvii, 481 páginas :
_c25 cm.
650 _aTCA
654 _aCET
942 _cLIB
_dJUS
_fJUS
_2ddc
_n
999 _c22642
_d22642